Figures de l' alterite
Αποθηκεύτηκε σε:
| Κύριος συγγραφέας: | |
|---|---|
| Άλλοι συγγραφείς: | |
| Μορφή: | Βιβλίο |
| Γλώσσα: | French |
| Δημοσίευση: |
Paris :
Descartes,
1993
|
| Θέματα: | |
| Ετικέτες: |
Προσθήκη ετικέτας
Δεν υπάρχουν, Καταχωρήστε ετικέτα πρώτοι!
|
MARC
| LEADER | 00000nam a2200000 i 4500 | ||
|---|---|---|---|
| 001 | 1/2964 | ||
| 008 | 960307s1993 fre d | ||
| 020 | |a 2-909728-03-X | ||
| 035 | |l 10015051 | ||
| 040 | |a GR-MY-UA |b gre |e aacr | ||
| 041 | 0 | |a fre | |
| 082 | 0 | |a 302 | |
| 100 | 1 | |a Baudrillard, Jean |d 1929-2007. | |
| 245 | 1 | 0 | |a Figures de l' alterite / |c Jean Baudrillard; Marc Guillaume |
| 260 | |a Paris : |b Descartes, |c 1993 | ||
| 300 | |a 143 p. | ||
| 650 | 0 | 0 | |a Social interaction. |
| 650 | 0 | 0 | |a Social problems. |
| 650 | 0 | 0 | |a Race relations. |
| 700 | 1 | |a Guillaume, Marc. | |
| 852 | |a INST |b LESVOS |e 19960307 |h 302 BAU |p 005100007002 |q 005100007002 |t BK |y 0 | ||
| 909 | |a Λ |b 034006 | ||
| 922 | |a 1ΔΩΡ |b 199312 |c ΤΚΑ | ||